Statistics for Countries by Presidential/Royal Standard

Click here to take the quiz!

General Stats

  • This quiz has been taken 18 times
  • The average score is 11 of 21

Answer Stats

Answer% Correct
Sweden
100%
Kazakhstan
87%
Russia
80%
Georgia
73%
Poland
73%
Pakistan
67%
Peru
60%
Romania
60%
Angola
53%
Uganda
53%
Ukraine
53%
Canada
47%
Liechtenstein
47%
Singapore
40%
Sudan
40%
Thailand
40%
Latvia
33%
Gabon
27%
Brunei
20%
South Korea
20%
Italy
13%

Score Distribution

Percentile by Number Answered

Percent of People with Each Score

Your Score History

You have not taken this quiz